| 000 | 01656cam a2200409 a 4500 | ||
|---|---|---|---|
| 999 |
_c234858 _d234858 |
||
| 001 | 16215588 | ||
| 003 | Nust | ||
| 005 | 20170331121538.0 | ||
| 008 | 100504s2010 ii ab b 001 0 eng d | ||
| 010 | _a 2010319108 | ||
| 020 | _a9788131407851 (pbk.) | ||
| 020 | _a8131407853 (pbk.) | ||
| 025 | _aI-E-2010-319108; 87-01 | ||
| 035 | _a(OCoLC)ocn294942418 | ||
| 035 | _a(OCoLC)294942418 | ||
| 037 |
_aLibrary of Congress -- New Delhi Overseas Office _cRs750.00 |
||
| 040 |
_aDKAGE _beng _cDKAGE _dOCLCQ _dDLC |
||
| 042 |
_alccopycat _alcode |
||
| 043 | _aa-ii--- | ||
| 050 | 0 | 0 |
_aTF145 _b.T43 2010 |
| 082 | 0 | 4 |
_a385.0954 RAN _222 |
| 245 | 0 | 0 |
_aTechnology in rail transport management / _cedited by Prabha Shastri Ranade. |
| 250 | _a1st ed. | ||
| 260 |
_aHyderabad : _bIcfai University Press, _c2010. |
||
| 300 |
_avii, 234 p. : _bill., map ; _c23 cm. |
||
| 500 | _a"Icfai books." | ||
| 504 | _aIncludes bibliographical references and index. | ||
| 505 | 0 | _asection 1. Global overview -- section 2. Indian scenario -- section 3. Metro rails in Indian cities. | |
| 520 | _aContributed articles predominantly with reference to India. | ||
| 650 | 0 |
_aRailroads _xTechnological innovations. |
|
| 650 | 0 |
_aRailroads _xTechnological innovations _zIndia. |
|
| 650 | 0 |
_aRailroads, Elevated _xTechnological innovations _zIndia. |
|
| 700 | 1 | _aRanade, Prabha Shastri. | |
| 856 | 4 | 1 |
_3Table of contents only _uhttp://www.loc.gov/catdir/toc/fy12pdf02/2010319108.html |
| 906 |
_a7 _bcbc _ccopycat _d3 _encip _f20 _gy-gencatlg |
||
| 942 |
_2ddc _cBK |
||